000 01293nam a2200301 u 4500
005 20240413063709.0
008 190703s2009 mx r 000 0 spa d
020 _a9786071600493 (FCE)
020 _a6071600499 (FCE)
020 _a9786070204326 (UNAM)
020 _a6070204328 (UNAM)
035 _aUPN01000231704
040 _aMX-MxUPN
_bspa
_cMX-MxUPN
050 4 _aPQ7297 S5
_bA6 2009
100 1 _aSierra, Justo,
_d1848-1912
_928551
245 1 4 _aUna escritura tocada por la gracia :
_buna antología general /
_cJusto Sierra ; selección, cronología y estudio preliminar, Blanca Estela Treviño ; ensayos críticos, Silvia Molina [y otros tres]
250 _aPrimera edición
260 _aMéxico, D.F. :
_bFondo de Cultura Económica :
_bUniversidad Nacional Autónoma de México :
_bFundación para las Letras Mexicanas,
_c2009.
300 _a484 páginas
490 _aBiblioteca americana (Fondo de Cultura Económica México). Viajes al siglo XIX
600 1 0 _aSierra, Justo,
_d1848-1912
_928551
700 1 _aTreviño García, Blanca Estela,
_d1950-
_eautora de la selección, cronología y estudio preliminar
_947384
700 1 _aMolina, Silvia,
_d1946-
_929354
902 _aNoemiAcosta/171122
905 _aLibro
942 _n0
_cLIBRO
_2lcc
999 _c203799
_d203799